The economics of social insurance and employee benefits

שמור ב:
מידע ביבליוגרפי
מחבר ראשי: Richard J. Butler
פורמט: ספר
שפה:Undetermined
יצא לאור: Norwell, MA Klwer Academic 1999
נושאים:
תגים: הוספת תג
אין תגיות, היה/י הראשונ/ה לתייג את הרשומה!
Thư viện lưu trữ: Trung tâm Học liệu Trường Đại học Cần Thơ
LEADER 00551nam a2200181Ia 4500
001 CTU_56186
008 210402s9999 xx 000 0 und d
082 |a 331.25'5 
082 |b B987 
100 |a Richard J. Butler 
245 4 |a The economics of social insurance and employee benefits 
245 0 |c Richard J. Butler 
260 |a Norwell, MA 
260 |b Klwer Academic 
260 |c 1999 
650 |a employee fringe benefits,social security 
650 |z united states,united states 
980 |a Trung tâm Học liệu Trường Đại học Cần Thơ